[Event "AUT-chT2W 2324"]
[Site "Austria"]
[Date "2024.01.21"]
[Round "8.3"]
[White "Praxmarer, Christian"]
[Black "Heilinger, Dietmar"]
[Result "1-0"]
[WhiteElo "1966"]
[BlackElo "2040"]
[PlyCount "126"]
[EventDate "2023.09.29"]
[EventType "team-tourn"]
[EventRounds "11"]
[EventCountry "AUT"]
[SourceTitle "EXT 2025"]
[Source "ChessBase"]
[SourceDate "2024.10.14"]
[SourceVersion "1"]
[SourceVersionDate "2024.10.14"]
[SourceQuality "1"]
[WhiteTeam "Pradl"]
[BlackTeam "Bregenz"]
[WhiteTeamCountry "AUT"]
[BlackTeamCountry "AUT"]

1. f4 Nf6 2. Nf3 g6 3. g3 Bg7 4. Bg2 d5 5. 0-0 0-0 6. d3 b6 7. Nbd2 Bb7 8. Ne5 c5 9. c3 Nc6 10. Ndf3 Nd7 11. d4 e6 12. Be3 cxd4 13. Nxc6 Bxc6 14. Bxd4 f6 15. Be3 Re8 16. Nd4 Rc8 17. Nxc6 Rxc6 18. Qa4 Rc7 19. Rad1 Qe7 20. Bf2 Nc5 21. Qa3 f5 22. Bd4 Rec8 23. Bf3 Bxd4+ 24. Rxd4 Ne4 25. Qxe7 Rxe7 26. Bxe4 fxe4 27. Kf2 Rec7 28. Ke3 Kf7 29. g4 Ke7 30. h4 b5 31. Rb4 a6 32. Rh1 Rc4 33. a3 R8c5 34. h5 Kf6 35. hxg6 Kxg6 36. g5 Rc6 37. Rh6+ Kf5 38. Rxc4 bxc4 39. Rxh7 Rb6 40. Rf7+ Kg6 41. Rf6+ Kh5 42. Rh6+ Kg4 43. g6 Rb8 44. g7 Rg8 45. Rxe6 Rxg7 46. Re5 Rb7 47. Rg5+ Kh4 48. Rxd5 Rxb2 49. Rd4 Rb3 50. Rxc4 Rxa3 51. Kxe4 Ra2 52. e3 a5 53. Rc8 a4 54. Rh8+ Kg4 55. Rg8+ Kh5 56. Kf5 Kh6 57. Kf6 Kh7 58. Rg7+ Kh8 59. Ra7 a3 60. e4 Ra1 61. e5 a2 62. f5 Rc1 63. Rxa2 Rxc3 1-0

[Event "AUT-chT2W 2324"]
[Site "Austria"]
[Date "2023.11.12"]
[Round "5.3"]
[White "Heinatz, Gundula"]
[Black "Praxmarer, Christian"]
[Result "1/2-1/2"]
[WhiteElo "2148"]
[BlackElo "1966"]
[PlyCount "162"]
[EventDate "2023.09.29"]
[EventType "team-tourn"]
[EventRounds "11"]
[EventCountry "AUT"]
[SourceTitle "EXT 2025"]
[Source "ChessBase"]
[SourceDate "2024.10.14"]
[SourceVersion "1"]
[SourceVersionDate "2024.10.14"]
[SourceQuality "1"]
[WhiteTeam "Dornbirn"]
[BlackTeam "Pradl"]
[WhiteTeamCountry "AUT"]
[BlackTeamCountry "AUT"]

1. d4 e6 2. Bf4 d5 3. e3 Ne7 4. Bd3 b6 5. Nf3 Ba6 6. Bxa6 Nxa6 7. 0-0 Ng6 8. c4 Qd7 9. cxd5 exd5 10. Nc3 c6 11. Qa4 Nb4 12. Bg3 a5 13. a3 b5 14. Qd1 Na6 15. e4 dxe4 16. Nxe4 Be7 17. Rc1 0-0 18. h4 Qg4 19. Re1 Rac8 20. Neg5 h6 21. Ne4 Rfd8 22. Qb3 a4 23. Qe3 Bxh4 24. Nxh4 Nxh4 25. f3 Qh5 26. Bf2 Nf5 27. Qf4 Qg6 28. Nc3 Nc7 29. g4 Nd6 30. Re7 Ne6 31. Rxe6 Qxe6 32. d5 cxd5 33. Re1 Qf6 34. Qxf6 gxf6 35. Nxd5 Rc4 36. Re2 Kg7 37. Bh4 Ne8 38. Ne3 Rc1+ 39. Kg2 Nd6 40. Nd5 Ne8 41. Ne7 Kf8 42. Bf2 Rd6 43. Be3 Re6 44. Bxh6+ Ng7 45. Rf2 Kxe7 46. Bxc1 f5 47. Bd2 fxg4 48. fxg4 Rg6 49. Bb4+ Ke6 50. Kf3 Rf6+ 51. Ke3 Rxf2 52. Kxf2 Ne8 53. Ke3 Kd5 54. Kf4 Ng7 55. Bc3 Ne8 56. Be5 f6 57. Bc3 Ke6 58. Ke4 Nd6+ 59. Kd4 f5 60. gxf5+ Nxf5+ 61. Kc5 Nd6 62. Kc6 Nc4 63. Kxb5 Nxa3+ 64. Kxa4 Nc2 65. Kb5 Kd6 66. Bb4+ Kc7 67. Bc5 Ne1 68. Kc4 Nf3 69. Kd5 Nd2 70. Bb4 Nf3 71. Bd6+ Kb7 72. Bf4 Ne1 73. Kc4 Ng2 74. Bd2 Nh4 75. Kd5 Nf5 76. Bg5 Ng7 77. Bf6 Nf5 78. Ke6 Ne3 79. b3 Kc6 80. Bd4 Nc2 81. Bc3 Kb5 1/2-1/2

[Event "AUT-chT2W 2324"]
[Site "Austria"]
[Date "2023.10.01"]
[Round "3.4"]
[White "Praxmarer, Christian"]
[Black "Reich, Thomas"]
[Result "0-1"]
[WhiteElo "1966"]
[BlackElo "2332"]
[PlyCount "136"]
[EventDate "2023.09.29"]
[EventType "team-tourn"]
[EventRounds "11"]
[EventCountry "AUT"]
[SourceTitle "CBM 216 Extra"]
[Source "ChessBase"]
[SourceDate "2023.11.30"]
[SourceVersion "1"]
[SourceVersionDate "2023.11.30"]
[SourceQuality "1"]
[WhiteTeam "Pradl"]
[BlackTeam "Jenbach II"]
[WhiteTeamCountry "AUT"]
[BlackTeamCountry "AUT"]

1. f4 Nf6 2. Nf3 c5 3. e3 g6 4. Be2 Bg7 5. 0-0 0-0 6. d3 Nc6 7. Nc3 d6 8. Qe1 e6 9. Bd2 Rb8 10. a4 b6 11. e4 Ne8 12. g4 f5 13. h3 Rb7 14. Qg3 Kh8 15. Nd1 Nd4 16. Nxd4 cxd4 17. c4 e5 18. Bf3 exf4 19. Bxf4 g5 20. Bd2 f4 21. Qg2 Be5 22. b4 a6 23. Kf2 Nf6 24. Ke2 Be6 25. Nf2 h6 26. Rfc1 Nd7 27. Qh1 Kg8 28. Rab1 Rf7 29. Qd1 Rb8 30. Qc2 Rc8 31. Qd1 Nf8 32. a5 bxa5 33. bxa5 Nd7 34. Rc2 Rb8 35. Rcb2 Rxb2 36. Rxb2 Qc7 37. Qb1 Rf8 38. Rb7 Rb8 39. Rxb8+ Qxb8 40. Qxb8+ Nxb8 41. Nd1 Nd7 42. Nb2 Nc5 43. Bb4 Bd7 44. Kd2 Kf7 45. Bd1 h5 46. Ke1 Ke7 47. Kf2 hxg4 48. hxg4 Bc8 49. Bxc5 dxc5 50. Na4 Bc7 51. Nxc5 Bxa5 52. e5 Bd2 53. Bf3 a5 54. Ke2 Bb4 55. Nb3 a4 56. Nxd4 Bc3 57. Nb5 Bb2 58. Kd2 Ba6 59. Nc3 a3 60. Kc2 Ke6 61. Kb3 Bxc3 62. Kxc3 a2 63. Kb2 Kxe5 64. c5 Kd4 65. Be4 Kxc5 66. Kxa2 Kd4 67. Kb2 Bxd3 68. Bf3 Ke3 0-1

[Event "Donau op 27th"]
[Site "Aschach"]
[Date "2018.12.26"]
[Round "1"]
[White "Csonka, Balazs"]
[Black "Praxmarer, Christian"]
[Result "1-0"]
[WhiteElo "2452"]
[BlackElo "2001"]
[PlyCount "57"]
[EventDate "2018.12.26"]
[EventType "swiss"]
[EventRounds "7"]
[EventCountry "AUT"]
[SourceTitle "CBM 188 Extra"]
[Source "ChessBase"]
[SourceDate "2019.02.28"]
[SourceVersion "1"]
[SourceVersionDate "2019.02.28"]
[SourceQuality "1"]

1. Nf3 e6 2. d4 f5 3. h3 Nf6 4. g4 b6 5. Nc3 Bb7 6. gxf5 Bxf3 7. exf3 exf5 8. Bg5 Bb4 9. Qe2+ Qe7 10. Bxf6 Bxc3+ 11. bxc3 gxf6 12. Qxe7+ Kxe7 13. Bd3 f4 14. Kd2 Nc6 15. Rae1+ Kf8 16. Re4 Ne7 17. Rxf4 Kf7 18. Rg1 Rag8 19. Rg3 c6 20. c4 h5 21. c5 b5 22. c3 h4 23. Rgg4 Rh6 24. Bc2 Rxg4 25. fxg4 Rh8 26. g5 Nd5 27. Bb3 Kg6 28. Bxd5 fxg5 29. Be4+ 1-0

[Event "AUT-chT2W 1718"]
[Site "Austria"]
[Date "2018.01.12"]
[Round "6.5"]
[White "Praxmarer, Christian"]
[Black "Herrmann, Michael2"]
[Result "1/2-1/2"]
[WhiteElo "1974"]
[BlackElo "2079"]
[PlyCount "78"]
[EventDate "2017.10.13"]
[EventType "team-tourn"]
[EventRounds "11"]
[EventCountry "AUT"]
[SourceTitle "EXT 2019"]
[Source "ChessBase"]
[SourceDate "2018.10.10"]
[SourceVersion "1"]
[SourceVersionDate "2018.10.10"]
[SourceQuality "1"]
[WhiteTeam "Pradl"]
[BlackTeam "Salzburg ASK"]
[WhiteTeamCountry "AUT"]
[BlackTeamCountry "AUT"]

1. f4 d5 2. Nf3 Nf6 3. d3 c5 4. g3 Nc6 5. Bg2 g6 6. 0-0 Bg7 7. c3 0-0 8. Qe1 b6 9. Ne5 Bb7 10. Na3 Nd7 11. Nxc6 Bxc6 12. Nc2 e6 13. e4 dxe4 14. dxe4 Qc7 15. e5 Bxg2 16. Kxg2 Qc6+ 17. Kg1 f6 18. exf6 Rxf6 19. Ne3 Re8 20. Qd1 e5 21. Qb3+ Kh8 22. Qd5 exf4 23. gxf4 Qxd5 24. Nxd5 Rf7 25. Bd2 Nf6 26. Nxf6 Rxf6 27. Rae1 Rfe6 28. Rxe6 Rxe6 29. Re1 Rxe1+ 30. Bxe1 Bh6 31. Bd2 Kg7 32. Kg2 Kf6 33. c4 Kf5 34. Kf3 a6 35. b3 Bg7 36. a4 Bd4 37. h3 Bg1 38. Bc3 Bh2 39. Bd2 Bg1 1/2-1/2

[Event "AUT-chT2W 1617"]
[Site "Austria"]
[Date "2017.01.22"]
[Round "8.4"]
[White "Ager, Josef"]
[Black "Praxmarer, Christian"]
[Result "1-0"]
[WhiteElo "2144"]
[BlackElo "1956"]
[PlyCount "63"]
[EventDate "2016.10.28"]
[EventType "team-tourn"]
[EventRounds "11"]
[EventCountry "AUT"]
[SourceTitle "CBM 177 Extra"]
[Source "ChessBase"]
[SourceDate "2017.04.27"]
[SourceVersion "1"]
[SourceVersionDate "2017.04.27"]
[SourceQuality "1"]
[WhiteTeam "Ranshofen"]
[BlackTeam "Pradl"]
[WhiteTeamCountry "AUT"]
[BlackTeamCountry "AUT"]

1. Nf3 f5 2. b3 Nf6 3. Bb2 d6 4. d3 e5 5. Nbd2 Be7 6. e4 Nc6 7. Be2 0-0 8. h3 a5 9. a4 Nb4 10. c3 Na6 11. Nc4 Nc5 12. exf5 Bxf5 13. Ne3 Bg6 14. d4 exd4 15. Nxd4 Qd7 16. 0-0 Kh8 17. Ra2 Rae8 18. Ba1 Nce4 19. c4 Bd8 20. Nd5 Qf7 21. Nf4 Nd7 22. Nxg6+ Qxg6 23. Bh5 Qh6 24. Bxe8 Rxe8 25. Re2 Ndc5 26. Nf5 Qg6 27. Nxg7 Rg8 28. Nh5+ Nf6 29. Ng3 h5 30. Re3 Rg7 31. Bxf6 Bxf6 32. Qxh5+ 1-0

[Event "AUT-chT2W 1516"]
[Site "Austria"]
[Date "2016.01.23"]
[Round "7.3"]
[White "Gretz, Denis"]
[Black "Praxmarer, Christian"]
[Result "1-0"]
[WhiteElo "2073"]
[BlackElo "1992"]
[PlyCount "57"]
[EventDate "2015.10.16"]
[EventType "team-tourn"]
[EventRounds "11"]
[EventCountry "AUT"]
[SourceTitle "CBM 170 Extra"]
[Source "ChessBase"]
[SourceDate "2016.02.25"]
[SourceVersion "1"]
[SourceVersionDate "2016.02.25"]
[SourceQuality "1"]
[WhiteTeam "Goetzis II"]
[BlackTeam "Pradl"]
[WhiteTeamCountry "AUT"]
[BlackTeamCountry "AUT"]

1. e4 e6 2. d4 d5 3. Nc3 Bb4 4. e5 Ne7 5. a3 Bxc3+ 6. bxc3 c5 7. Qg4 Qc7 8. Bd3 cxd4 9. Ne2 dxc3 10. Qxg7 Rg8 11. Qh6 Nbc6 12. Bf4 Bd7 13. Bxh7 Rh8 14. Qg7 0-0-0 15. Qxf7 Rhf8 16. Qg7 Nf5 17. Bxf5 Rxf5 18. h4 Nd4 19. Nxd4 Rxf4 20. Nf3 Qc4 21. Qe7 Ba4 22. Ng5 Bb5 23. 0-0-0 Rxf2 24. Nxe6 Rxc2+ 25. Kxc2 Qe4+ 26. Kxc3 Qxe5+ 27. Rd4 Qe3+ 28. Kb2 Qf2+ 29. Ka1 1-0

[Event "Donau op 24th"]
[Site "Aschach"]
[Date "2015.12.26"]
[Round "1"]
[White "Praxmarer, Christian"]
[Black "Tratar, Marko"]
[Result "0-1"]
[WhiteElo "2038"]
[BlackElo "2475"]
[PlyCount "82"]
[EventDate "2015.12.26"]
[EventType "swiss"]
[EventRounds "7"]
[EventCountry "AUT"]
[SourceTitle "CBM 170 Extra"]
[Source "ChessBase"]
[SourceDate "2016.02.25"]
[SourceVersion "1"]
[SourceVersionDate "2016.02.25"]
[SourceQuality "1"]

1. f4 d5 2. Nf3 g6 3. g3 Bg7 4. Bg2 c6 5. c3 Qb6 6. Qb3 Nd7 7. d3 Ngf6 8. h3 0-0 9. Nbd2 Nh5 10. Nf1 e5 11. fxe5 Nxe5 12. Qxb6 axb6 13. g4 Nxf3+ 14. Bxf3 Nf6 15. Ng3 Nd7 16. d4 b5 17. 0-0 Nb6 18. Bf4 Be6 19. Kg2 Nc4 20. b3 Na3 21. Rac1 Rfd8 22. e4 b4 23. exd5 cxd5 24. Ne2 Nb5 25. Kg3 Rxa2 26. c4 Na7 27. Bc7 Rd7 28. Bb6 Nc6 29. Nf4 g5 30. Nxd5 Nxd4 31. Bxd4 Bxd4 32. Be4 Be5+ 33. Kf3 h5 34. Rc2 Ra3 35. Rb1 hxg4+ 36. hxg4 b5 37. Bf5 bxc4 38. Ke4 Rxd5 39. Bxe6 fxe6 40. bxc4 Rc5 41. Rxb4 Rg3 0-1

[Event "AUT-chT2W 1516"]
[Site "Austria"]
[Date "2015.11.28"]
[Round "4.5"]
[White "Loeffler, Christoph"]
[Black "Praxmarer, Christian"]
[Result "1-0"]
[WhiteElo "2144"]
[BlackElo "2031"]
[PlyCount "87"]
[EventDate "2015.10.16"]
[EventType "team-tourn"]
[EventRounds "11"]
[EventCountry "AUT"]
[SourceTitle "EXT 2017"]
[Source "ChessBase"]
[SourceDate "2016.10.25"]
[SourceVersion "1"]
[SourceVersionDate "2016.10.25"]
[SourceQuality "1"]
[WhiteTeam "Salzburg"]
[BlackTeam "Pradl"]
[WhiteTeamCountry "AUT"]
[BlackTeamCountry "AUT"]

1. e4 e6 2. d4 d5 3. e5 c5 4. Qg4 Nc6 5. Nf3 cxd4 6. Bd3 Bd7 7. 0-0 Qc7 8. Re1 Nge7 9. a3 Ng6 10. Qg3 f5 11. h4 0-0-0 12. h5 Nge7 13. Ng5 Re8 14. Nf7 Rg8 15. Nd6+ Kb8 16. Nxe8 Bxe8 17. b4 Bxh5 18. b5 Nd8 19. Qh4 Be8 20. Qxd4 g5 21. a4 Nf7 22. a5 Nc8 23. Qc3 Qxc3 24. Nxc3 Ne7 25. Na4 Ng6 26. Bb2 Bd7 27. Bxf5 Nf4 28. Bxh7 Rh8 29. Bd3 Nxd3 30. cxd3 Bxb5 31. d4 g4 32. Nc3 Bc4 33. Nd1 Rh4 34. Ba3 Bh6 35. Ne3 g3 36. Nxc4 gxf2+ 37. Kxf2 dxc4 38. d5 Bd2 39. Re2 Rf4+ 40. Kg3 Rd4 41. dxe6 Bf4+ 42. Kf2 Nh6 43. e7 Ng4+ 44. Kg1 1-0

[Event "AUT-chT2W 1314"]
[Site "Austria"]
[Date "2014.03.08"]
[Round "10.4"]
[White "Hoellrigl, Wilfried"]
[Black "Praxmarer, Christian"]
[Result "1/2-1/2"]
[WhiteElo "2195"]
[BlackElo "1995"]
[PlyCount "60"]
[EventDate "2013.10.18"]
[EventType "team-tourn"]
[EventRounds "11"]
[EventCountry "AUT"]
[SourceTitle "EXT 2015"]
[Source "ChessBase"]
[SourceDate "2014.11.20"]
[SourceVersion "1"]
[SourceVersionDate "2014.11.20"]
[SourceQuality "1"]
[WhiteTeam "Rum Rochade"]
[BlackTeam "Pradl"]
[WhiteTeamCountry "AUT"]
[BlackTeamCountry "AUT"]

1. Nf3 e6 2. g3 f5 3. Bg2 Nf6 4. d3 Nc6 5. Nbd2 d6 6. c3 Be7 7. e4 0-0 8. exf5 exf5 9. 0-0 Kh8 10. Re1 f4 11. Ng5 Ne5 12. Nc4 fxg3 13. fxg3 Nfg4 14. Nf3 Nxc4 15. dxc4 c6 16. h3 Qb6+ 17. Qd4 Ne5 18. Nxe5 dxe5 19. Qxb6 axb6 20. Rxe5 Bd6 21. Re2 Bxg3 22. Be3 Re8 23. Rf1 Be6 24. b3 Bg8 25. Rf3 Be5 26. Rc2 b5 27. cxb5 cxb5 28. Rf1 Rac8 29. Rfc1 Re7 30. Bb6 Rce8 1/2-1/2

[Event "AUT-chT2W 1314"]
[Site "Austria"]
[Date "2013.12.01"]
[Round "5.5"]
[White "Riediger, Martin"]
[Black "Praxmarer, Christian"]
[Result "1/2-1/2"]
[WhiteElo "2268"]
[BlackElo "1995"]
[PlyCount "64"]
[EventDate "2013.10.18"]
[EventType "team-tourn"]
[EventRounds "11"]
[EventCountry "AUT"]
[SourceTitle "CBM 157 Extra"]
[Source "ChessBase"]
[SourceDate "2013.12.19"]
[SourceVersion "1"]
[SourceVersionDate "2013.12.19"]
[SourceQuality "1"]
[WhiteTeam "Ranshofen"]
[BlackTeam "Pradl"]
[WhiteTeamCountry "AUT"]
[BlackTeamCountry "AUT"]

1. c4 e6 2. Nf3 f5 3. g3 Nf6 4. Bg2 Be7 5. d4 d6 6. 0-0 0-0 7. Nc3 a5 8. b3 Ne4 9. Bb2 Nxc3 10. Bxc3 Qe8 11. a3 Qh5 12. Ne1 c6 13. Nd3 d5 14. e3 Qh6 15. a4 Nd7 16. c5 Nf6 17. Qe1 Bd8 18. f3 g5 19. Ne5 Bc7 20. Bd2 Qh5 21. h3 Nd7 22. Nxd7 Bxd7 23. f4 b6 24. cxb6 Bxb6 25. b4 gxf4 26. gxf4 Rf6 27. Qd1 Qh6 28. Kh2 Rg6 29. Rg1 Kf7 30. Bf3 Rxg1 31. Qxg1 axb4 32. Bxb4 Rg8 1/2-1/2

[Event "St Veit op-A 27th"]
[Site "St Veit"]
[Date "2008.07.06"]
[Round "2"]
[White "Skorna, Ullrich"]
[Black "Praxmarer, Christian"]
[Result "0-1"]
[WhiteElo "2135"]
[BlackElo "2057"]
[PlyCount "56"]
[EventDate "2008.07.05"]
[EventType "swiss"]
[EventRounds "9"]
[EventCountry "AUT"]
[SourceTitle "CBM 125 Extra"]
[Source "ChessBase"]
[SourceDate "2008.09.01"]
[SourceVersion "1"]
[SourceVersionDate "2008.09.01"]
[SourceQuality "1"]

1. e4 e6 2. d4 d5 3. Nc3 Bb4 4. e5 Ne7 5. f4 Bd7 6. Nf3 c5 7. Bd2 cxd4 8. Nb5 Bxd2+ 9. Qxd2 Bxb5 10. Bxb5+ Nbc6 11. 0-0 0-0 12. Bd3 Qb6 13. Qf2 f5 14. exf6 Rxf6 15. Ng5 Ng6 16. Qf3 Nce7 17. Rae1 h6 18. Nxe6 Nh4 19. Qg4 Nef5 20. Bxf5 Nxf5 21. Re5 d3+ 22. Kh1 dxc2 23. Qf3 Rxe6 24. Rxf5 d4 25. Re5 Rd6 26. Rfe1 Qc6 27. Qb3+ Kh8 28. Rc1 d3 0-1